Zawód, którego wykonawcy używają igły. - Statystyki

Ogólne statystyki
  • Ten quiz został rozwiązany 23 razy
  • Średni wynik to 3 z 7
Statystyki odpowiedzi
Odpowiedź % Poprawnych
Lekarz
88%
Pielęgniarka
75%
Szewc
56%
Tatuażysta
50%
Weterynarz
31%
Szwaczka
25%
Dentysa
0%
Nie znaleziono quizów pasujących do podanych kryteriów
Rozkład punktacji
Procent ludzi z każdym wynikiem
Percentyl według liczby udzielonych odpowiedzi
Twoja historia wyników
Nie rozwiązałeś tego quizu